| 000 | 00711nam a2200205Ia 4500 | ||
|---|---|---|---|
| 003 | OSt | ||
| 005 | 20230412105918.0 | ||
| 008 | 210423s2011 xx 000 0 und d | ||
| 020 | _a9780415871525 | ||
| 040 | _cAL | ||
| 041 | _aeng | ||
| 082 | _a659.2 CARC | ||
| 100 |
_aCARROLL (Craig E),Ed. _986710 |
||
| 245 | _aCorporate reputation and the news media: agenda setting within business news coverage in developed emerging and frontier markets. | ||
| 260 |
_aNew York _bRoutledge _c2011 |
||
| 300 |
_axv,464 _bPB |
||
| 365 |
_b2641 _cINR |
||
| 906 | _aagenda ; business ; Corporate ; coverage ; developed ; emerging ; frontier ; markets. ; media: ; news ; reputation ; setting ; within | ||
| 942 |
_2ddc _cBK |
||
| 999 |
_c159568 _d159568 |
||